000 00670 a2200253 4500
005 20260116145425.0
008 260114b |||||||| |||| 00| 0 eng d
020 _a9781529609905
_c£ 46.99
040 _aMAIN
082 _a157.9
_bM342H(7)
100 _aMarks David F
245 _aHealth psychology: Theory, research and practice
250 _a7th
260 _bSage Publications
_c2024
_aLondon
300 _axx, 743
650 _aPsychology
650 _aHealth Psychology
700 _aMurray, Michael
700 _aEstacio, Emee Vida
700 _aAnnunziato, Rachel A
700 _aLocke, Abigail
700 _aTreharne, Gareth J
942 _cBK
999 _c394801
_d394801